A közigazgatás szervezetrendszere
Elmentve itt :
| Szerző: | |
|---|---|
| További közreműködők: | |
| Dokumentumtípus: | Szakdolgozat |
| Megjelent: |
2005
|
| Tárgyszavak: | |
| Online Access: | http://diploma.bibl.u-szeged.hu/29317 |
| LEADER | 00549nta a2200157 i 4500 | ||
|---|---|---|---|
| 001 | dipl29317 | ||
| 005 | 20130314090243.0 | ||
| 008 | 110818s2005 hu om 0|| zxx d | ||
| 040 | |a SZTE Diploma Repozitórium |b hun | ||
| 041 | |a zxx | ||
| 100 | 1 | |a Istenes Csaba | |
| 245 | 1 | 2 | |a A közigazgatás szervezetrendszere |h [elektronikus dokumentum] / |c Csaba Istenes |
| 260 | |c 2005 | ||
| 650 | 4 | |a Jogi és igazgatási tanulmányok | |
| 700 | 1 | |a Szekszárdi Zsuzsanna |e ths | |
| 856 | 4 | 0 | |u http://diploma.bibl.u-szeged.hu/id/eprint/29317/1/2005_istenes_csaba.pdf |z Dokumentum-elérés |